<?xml version="1.0" encoding="UTF-8"?>
<record
    xmlns:xsi="http://www.w3.org/2001/XMLSchema-instance"
    xsi:schemaLocation="http://www.loc.gov/MARC21/slim http://www.loc.gov/standards/marcxml/schema/MARC21slim.xsd"
    xmlns="http://www.loc.gov/MARC21/slim">

  <leader>00209nam a22001097a 4500</leader>
  <datafield tag="040" ind1=" " ind2=" ">
    <subfield code="c">HS</subfield>
  </datafield>
  <datafield tag="082" ind1=" " ind2=" ">
    <subfield code="a">448</subfield>
  </datafield>
  <datafield tag="100" ind1=" " ind2=" ">
    <subfield code="a">SOK PHEAV</subfield>
  </datafield>
  <datafield tag="245" ind1=" " ind2=" ">
    <subfield code="a">Manuel De Francais</subfield>
  </datafield>
  <datafield tag="260" ind1=" " ind2=" ">
    <subfield code="a">RUA</subfield>
    <subfield code="b">SOK PHEAV</subfield>
    <subfield code="c">2011</subfield>
  </datafield>
  <datafield tag="942" ind1=" " ind2=" ">
    <subfield code="c">FB</subfield>
  </datafield>
  <datafield tag="999" ind1=" " ind2=" ">
    <subfield code="c">8441</subfield>
    <subfield code="d">8441</subfield>
  </datafield>
  <datafield tag="952" ind1=" " ind2=" ">
    <subfield code="0">0</subfield>
    <subfield code="1">0</subfield>
    <subfield code="4">0</subfield>
    <subfield code="6">448_000000000000000_SOK_2011C185</subfield>
    <subfield code="7">0</subfield>
    <subfield code="9">48373</subfield>
    <subfield code="a">LBC</subfield>
    <subfield code="b">LBC</subfield>
    <subfield code="c">C185</subfield>
    <subfield code="d">2016-08-01</subfield>
    <subfield code="o">448 SOK 2011C185</subfield>
    <subfield code="p">RUA035052</subfield>
    <subfield code="r">2016-08-01</subfield>
    <subfield code="y">FB</subfield>
  </datafield>
  <datafield tag="952" ind1=" " ind2=" ">
    <subfield code="0">0</subfield>
    <subfield code="1">0</subfield>
    <subfield code="4">0</subfield>
    <subfield code="6">448_000000000000000_SOK_2011_C185_OR_2</subfield>
    <subfield code="7">0</subfield>
    <subfield code="9">48374</subfield>
    <subfield code="a">LBC</subfield>
    <subfield code="b">LBC</subfield>
    <subfield code="c">C185</subfield>
    <subfield code="d">2016-08-01</subfield>
    <subfield code="o">448 SOK 2011 C185 Or.2</subfield>
    <subfield code="p">RUA035112</subfield>
    <subfield code="r">2016-08-01</subfield>
    <subfield code="y">FB</subfield>
  </datafield>
  <datafield tag="952" ind1=" " ind2=" ">
    <subfield code="0">0</subfield>
    <subfield code="1">0</subfield>
    <subfield code="4">0</subfield>
    <subfield code="6">448_000000000000000_SOK_2011_C185_OR_3</subfield>
    <subfield code="7">0</subfield>
    <subfield code="9">48375</subfield>
    <subfield code="a">LBC</subfield>
    <subfield code="b">LBC</subfield>
    <subfield code="c">C185</subfield>
    <subfield code="d">2016-08-01</subfield>
    <subfield code="o">448  SOK 2011 C185 Or.3</subfield>
    <subfield code="p">RUA034992</subfield>
    <subfield code="r">2016-08-01</subfield>
    <subfield code="y">FB</subfield>
  </datafield>
  <datafield tag="952" ind1=" " ind2=" ">
    <subfield code="0">0</subfield>
    <subfield code="1">0</subfield>
    <subfield code="4">0</subfield>
    <subfield code="6">448_000000000000000_SOK_2011_C185_OR_4</subfield>
    <subfield code="7">0</subfield>
    <subfield code="9">48376</subfield>
    <subfield code="a">LBC</subfield>
    <subfield code="b">LBC</subfield>
    <subfield code="c">C185</subfield>
    <subfield code="d">2016-08-01</subfield>
    <subfield code="o">448  SOK 2011 C185 Or.4</subfield>
    <subfield code="p">RUA037297</subfield>
    <subfield code="r">2016-08-01</subfield>
    <subfield code="y">FB</subfield>
  </datafield>
  <datafield tag="952" ind1=" " ind2=" ">
    <subfield code="0">0</subfield>
    <subfield code="1">0</subfield>
    <subfield code="4">0</subfield>
    <subfield code="6">448_000000000000000_SOK_2011_C185_OR_5</subfield>
    <subfield code="7">0</subfield>
    <subfield code="9">48377</subfield>
    <subfield code="a">LBC</subfield>
    <subfield code="b">LBC</subfield>
    <subfield code="c">C185</subfield>
    <subfield code="d">2016-08-01</subfield>
    <subfield code="o">448 SOK 2011 C185 Or.5</subfield>
    <subfield code="p">RUA036416</subfield>
    <subfield code="r">2016-08-01</subfield>
    <subfield code="y">FB</subfield>
  </datafield>
  <datafield tag="952" ind1=" " ind2=" ">
    <subfield code="0">0</subfield>
    <subfield code="1">0</subfield>
    <subfield code="4">0</subfield>
    <subfield code="6">448_000000000000000_SOK_2011_C185_OR_6</subfield>
    <subfield code="7">0</subfield>
    <subfield code="9">48378</subfield>
    <subfield code="a">LBC</subfield>
    <subfield code="b">LBC</subfield>
    <subfield code="c">C185</subfield>
    <subfield code="d">2016-08-01</subfield>
    <subfield code="o">448  SOK 2011 C185 Or.6</subfield>
    <subfield code="p">RUA034906</subfield>
    <subfield code="r">2016-08-01</subfield>
    <subfield code="y">FB</subfield>
  </datafield>
  <datafield tag="952" ind1=" " ind2=" ">
    <subfield code="0">0</subfield>
    <subfield code="1">0</subfield>
    <subfield code="4">0</subfield>
    <subfield code="6">448_000000000000000_SOK_2011_C185_OR_7</subfield>
    <subfield code="7">0</subfield>
    <subfield code="9">48379</subfield>
    <subfield code="a">LBC</subfield>
    <subfield code="b">LBC</subfield>
    <subfield code="c">C185</subfield>
    <subfield code="d">2016-08-01</subfield>
    <subfield code="o">448  SOK 2011 C185 Or.7</subfield>
    <subfield code="p">RUA037385</subfield>
    <subfield code="r">2016-08-01</subfield>
    <subfield code="y">FB</subfield>
  </datafield>
  <datafield tag="952" ind1=" " ind2=" ">
    <subfield code="0">0</subfield>
    <subfield code="1">0</subfield>
    <subfield code="4">0</subfield>
    <subfield code="6">448_000000000000000_SOK_2011_C185_OR_8</subfield>
    <subfield code="7">0</subfield>
    <subfield code="9">48380</subfield>
    <subfield code="a">LBC</subfield>
    <subfield code="b">LBC</subfield>
    <subfield code="c">C185</subfield>
    <subfield code="d">2016-08-01</subfield>
    <subfield code="o">448  SOK 2011 C185 Or.8</subfield>
    <subfield code="p">RUA037381</subfield>
    <subfield code="r">2016-08-01</subfield>
    <subfield code="y">FB</subfield>
  </datafield>
  <datafield tag="952" ind1=" " ind2=" ">
    <subfield code="0">0</subfield>
    <subfield code="1">0</subfield>
    <subfield code="4">0</subfield>
    <subfield code="6">448_000000000000000_SOK_2011_C185_OR_9</subfield>
    <subfield code="7">0</subfield>
    <subfield code="9">48381</subfield>
    <subfield code="a">LBC</subfield>
    <subfield code="b">LBC</subfield>
    <subfield code="c">C185</subfield>
    <subfield code="d">2016-08-01</subfield>
    <subfield code="o">448  SOK 2011 C185 Or.9</subfield>
    <subfield code="p">RUA037321</subfield>
    <subfield code="r">2016-08-01</subfield>
    <subfield code="y">FB</subfield>
  </datafield>
  <datafield tag="952" ind1=" " ind2=" ">
    <subfield code="0">0</subfield>
    <subfield code="1">0</subfield>
    <subfield code="4">0</subfield>
    <subfield code="6">448_000000000000000_SOK_2011_C185_OR_10</subfield>
    <subfield code="7">0</subfield>
    <subfield code="9">48382</subfield>
    <subfield code="a">LBC</subfield>
    <subfield code="b">LBC</subfield>
    <subfield code="c">C185</subfield>
    <subfield code="d">2016-08-01</subfield>
    <subfield code="o">448  SOK 2011 C185 Or.10</subfield>
    <subfield code="p">RUA035113</subfield>
    <subfield code="r">2016-08-01</subfield>
    <subfield code="y">FB</subfield>
  </datafield>
</record>
